Lacan e il femminismo contemporaneo /

Saved in:
Bibliografiske detaljer
Hovedforfatter: Mambrini, Luisella (Author)
Format: Bog
Sprog:italiensk
Udgivet: Macerata : Quodlibet, ©2010
Serier:Quodlibet studio. Campi della psiche
Tags: Tilføj Tag
Ingen Tags, Vær først til at tagge denne postø!

MARC

LEADER 00000nam a22000007i 4500
001 IT\ICCU\UBO\3770521
003 ItRI
005 20260115232141.0
008 100227s2010 it |||||| ||||| |||||c
020 |a 9788874623150 
040 |b ita  |c importazione bologna sebina 
041 7 |a ita  |2 ISO-639-2 
100 1 |a Mambrini, Luisella  |0 IT\ICCU\UBOV\393726  |4 aut 
240 1 0 |a Lacan e il femminismo contemporaneo  |3 IT\ICCU\RL1\0097468  |9 Mambrini, Luisella 
245 1 0 |a Lacan e il femminismo contemporaneo /  |c Luisella Mambrini. 
260 |a Macerata :  |b Quodlibet,  |c ©2010 
300 |a 144 p. ;  |c 22 cm 
830 0 |a Quodlibet studio. Campi della psiche  |0 IT\ICCU\RAV\1419772 
942 |2 ddc  |c BK  |n 0 
952 |0 0  |1 0  |4 0  |6 L_150_195000000000000_MAM  |7 0  |9 20911  |a BO  |b BO  |d 2026-01-15  |i 13838  |l 0  |o L 150.195 MAM  |p BO13838  |r 2026-01-15 23:21:41  |w 2026-01-15  |x [Sebina 5] [1 v.]  |y BK  |z 1 v. 
999 |c 17865  |d 17865